000 03297nam a22003257i 4500
001 TICS 009
003 gtcocun
005 20260226185026.0
006 a||||gr|||| 00| 0
007 ta
008 260207b2025 GT ||||| m||| 00| 0 eng d
040 _agtcocun
_bSPA
_cgtcocun
_eRDA
041 _aSPA
084 _0TICS 009
100 _aPop Ac, Wilson Víctor Alexander
_eAutor
245 _aPrototipo de repositorio institucional web enfocado a la gestión de trabajos de graduación para el Centro Universitario del Norte CUNOR./
_cWilson Victor Alexander Pop Cac
_hImpreso
264 _aCobán, Alta Verapaz:
_bUniversidad de San Carlos de Guatemala, Centro Universitario del Norte, Carrera de Ingeniería en Ciencias y Sistemas
_c2025
300 _a119 p. :
_bIlustraciones, gráficas.
_c28 cm;
336 _2rdacontenido
_aTexto
_btxt
337 _2rdamedio
_aComputadora
_bn
338 _2rdasoporte
_aCódigo en línea
_bcr
502 _aTesis de grado
_bIngeniería en Ciencias y Sistemas
_cUniversidad de San Carlos de Guatemala, Centro Universitario del Norte, Carrera de Ingeniería en Ciencias y Sistemas.
_d2025
_oTICS 009
_eTICS 009
520 1 4 _aRESUMEN En el presente trabajo se describe el desarrollo de un prototipo de repositorio institucional web, para la gestión y consulta de trabajos de graduación del Centro Universitario del Norte CUNOR. El prototipo se compone de cinco módulos: seguridad, administración del sistema, gestión de archivos, explorador de archivos y presentación de trabajos de graduación. La propuesta de este prototipo surge como respuesta a la carencia de un sistema eficiente en el CUNOR para la gestión y consulta de los trabajos de graduación en sus diversas carreras. El desarrollo del prototipo se realizó a partir de la metodología Kanban, que se basa en desglosar tareas complejas a tareas más pequeñas y manejables. Las tareas ejecutadas se fundamentaron en las historias de usuario propuestas en este trabajo. Dichas historias describen los requisitos que el sistema debe cumplir para cada rol registrado. Los roles del sistema son: usuario general o anónimo, que está interesado en consultar los trabajos de graduación; usuario administrativo, que tiene el control general del sistema; y el usuario operativo, que se encarga de gestionar los trabajos de graduación de su carrera asociada. La arquitectura del sistema se basa en un modelo cliente-servidor, diseñado para distribuir las tareas de almacenamiento de código estático y la gestión de archivos. Para verificar la funcionalidad adecuada del prototipo, se llevaron a cabo pruebas de caja negra, enfocadas principalmente en evaluar la seguridad del sistema, la gestión y la búsqueda de trabajos de graduación. Posteriormente, el prototipo se desplegó a internet, donde demostró un correcto funcionamiento.
650 _2LEMB
_aCobán, Alta Verapaz
651 1 _xIngeniería en Ciencias y Sistemas
_xPrototipos
_xRepositorios
_xClientes
_xPruebas
700 _aIng. CCSS. José Alberto Véliz Cruz
_eAsesor
856 _uhttps://drive.google.com/file/d/1d0PBacv23wQpGGxcHreOoabTAZFhKDll/view
_yPDF
_zUn ejemplar en línea.
942 _2ddc
_cTES
_iTICS 009
_kClasificación
_n0
_6TICS_009_000000000000000
999 _c2678
_d2678